000
00311pab a2200121 454500
008
180718b xxu||||| |||| 00| 0 eng d
100
_a
Shukla S.P.
245
_a
Indian economy: an alternative view
362
_a
36(5), 12 Sept 93, p.7-10
650
_a
Economic Planning -- India
773
_a
Link
909
_a
25349
999
_c
25349
_d
25349